000 00423nam a2200157Ia 4500
999 _c7575
_d7575
003 OSt
005 20201027161036.0
008 190216s9999||||xx |||||||||||||| ||und||
040 _coclc
082 _a658.15
_bKIN/O
100 _91252
_aKing's
245 0 _aOrganisational Behaviour /
_cKing's
260 _bKing`S Books,
_aDelhi:
300 _a398p
942 _cBK
_2ddc
_h658.15
_iKIN/O
_k658.15
_mKIN/O